Datum a čas kvízu
36
Celkem bodů
Celkový počet nahraných bodů na tomto kvízu bez doplňovacích otázek.
2.
Pořadí na kvízu
Konečné umístění týmu na tomto kvízu.
Zaznamenané odpovědi
| # | Otázka | Odpověď | Body | Výsledky |
|---|---|---|---|---|
| 1. | Zubní lékařka Mariam Szyja z K... | prodávala na netu své erotické fotografie | 1 | |
| 2. | Princezna Martha Louise se v s... | v Norsku | 0 | |
| 3. | Která zahraniční kapela minulý... | Oasis | 1 | |
| 4. | 62letý muž čelí trestnímu ozná... | A) ve vlaku nefungovaly toalety | 0 | |
| 5. | Česká atletka Lurdes Gloria Ma... | běh na 400 m | 1 | |
| 6. | Téma začneme stavbou, které mn... | v roce 1985 | 1 | |
| 7. | Žebříčků hodnotících nejoškliv... | jako hotel | 0 | |
| 8. | Nyní se ptáme na evropského vů... | Nicolae Ceaușescu, Rumunsko | 0 | |
| 9. | I Slovensko má svého zástupce... | Martina Šimkovičová | 0 | |
| 10. | V této londýnské budově sídlí... | SIS | 0 |